Logo biblioteca
Santa Fe 2917, Rosario, Santa Fe
Lu-Vi 8 a 19.45
+54-341-4232362
bibliotecaeudoro@gmail.com
Facebook Biblioteca Pedagógica
Sitio web

Educadores y familias. (Registro nro. 32537)

Detalles MARC
000 -CABECERA
campo fijo de control de longitud 01128nab a2200241 4500
003 - IDENTIFICADOR DEL NÚMERO DE CONTROL
campo de control AR-RoBPED
005 - FECHA Y HORADE LA ULTIMA TRANSACCION
campo de control 20260409092906.0
008 - ELEMENTOS DE LONGITUD FIJA--INFORMACION GENERAL
campo fijo de control de longitud 260409b |||||||| |||| 00| 0 spa d
040 ## - FUENTE CATALOGADORA
Centro catalogador/agencia de origen AR-RoBPED
041 ## - IDIOMA
Código de idioma para texto/pista de sonido o título independiente spa
100 1# - ENCABEZAMIENTO PRINCIPAL--AUTOR PERSONAL
Nombre de persona Ortega, Roxana
9 (RLIN) 30733
Función Profesora de Enseñanza Primaria
245 1# - TITULO
Título Educadores y familias.
Subtítulo Expectativas y demandas cruzadas en escuelas públicas de nivel primario /
260 ## - PUBLICACION
Lugar Buenos Aires :
Editor Noveduc,
Fecha 2025
300 ## - DESCRIPCION FISICA
Extensión 62-63 p.
500 ## - NOTA GENERAL
Nota general La relación entre docentes y familias es fundamental para el desarrollo y bienestar de los y las estudiantes. Sin embargo, esta relación no está exenta de tensiones y emergencias, que surgen a partir de las expectativas y demandas cruzadas de ambos actores.
650 #7 - TERMINO DE MATERIA--CONTROLADO
Término controlado RELACION DOCENTE-PADRES
9 (RLIN) 717
Término controlado NIVEL PRIMARIO
9 (RLIN) 18876
Término controlado COMUNICACION
9 (RLIN) 19192
Término controlado RELACION ESCUELA-FAMILIA
9 (RLIN) 1119
773 0# - DOCUMENTO FUENTE
Host Biblionumber 20414
Host Itemnumber 41867
Place, publisher, and date of publication Buenos Aires : Noveduc, 1993-
Título Novedades Educativas
Record control number (AR-RoBPED)20414
International Standard Serial Number 03283534
942 ## - ELEMENTOS KOHA
Fuente de clasificación Universal Decimal Classification
Koha tipo de ítem Revistas
Clasificación 37(05)
Signatura librística Nov 86 N° 400 (Febr.2025)
Número Koha k.32537
945 ## - PROCESAMIENTO DE LA INFORMACIÓN LOCAL
Catalogador y fecha mar 04/2026

No hay ítems disponibles.